000 00470nam a2200181Ia 4500
001 5088
005 20260306145842.0
008 260306t2007||||xx |||||||||||||| ||spa||
041 _aESP
082 _a332.678
_bS26G 2007
100 _aSapag Puelma, José Manuel
_eAUT
245 0 _aEvaluación de proyectos:
_bguía de ejercicios problemas y soluciones
260 _c2007
300 _a339 p,
_c24 cm.
650 _aGEN
654 _aCAN
942 _cLIB
_dJUS
_fJUS
_2ddc
_n
999 _c5088
_d5088